| 000 | 00610nam a22002057a 4500 | ||
|---|---|---|---|
| 999 |
_c18348 _d18348 |
||
| 003 | AR-CdUCM | ||
| 008 | 190307b ||||| |||| 00| 0 esp d | ||
| 040 |
_aMUNICIPALIDAD PROVINCIAL DEL CUSCO _cBIBLIOTECA MUNICIPAL DEL CUSCO |
||
| 082 |
_a868.6 / _bAL36 |
||
| 100 |
_aAlberti, Rafael _98832 |
||
| 245 |
_aLa amante : _bcanciones 1925 / _cRafael Alberti |
||
| 260 |
_aBuenos Aires : _bLosada, _c1946. |
||
| 300 |
_a115 paginas ; _c21 cm. |
||
| 500 | _aLibro empastado | ||
| 650 |
_aLiteratura espaƱola _9362 |
||
| 650 |
_aCanciones _914568 |
||
| 650 |
_aSiglo XX _98 |
||
| 942 |
_2ddc _cLIBROS |
||
| 945 | _arcc | ||